wszyscy zwycięzcy Ekstraklasy - Statystyki

Ogólne statystyki
  • Ten quiz został rozwiązany 240 razy
    57 od ostatniego zresetowania
  • Średni wynik to 83 z 93
Statystyki odpowiedzi
Rok klub który wygrał % Poprawnych
70/71 lech poznań
96%
82/83 lech poznań
96%
83/84 lech poznań
96%
89/90 lech poznań
96%
91/92 lech poznań
96%
92/93 lech poznań
96%
08/09 lech poznań
96%
09/10 lech poznań
96%
10/11 lech poznań
96%
14/15 lech poznań
96%
21/22 lech poznań
96%
24/25 lech poznań
96%
25/26 lech poznań
96%
1955 legia warszawa
96%
1956 legia warszawa
96%
68/69 legia warszawa
96%
69/70 legia warszawa
96%
93/94 legia warszawa
96%
94/95 legia warszawa
96%
01/02 legia warszawa
96%
05/06 legia warszawa
96%
12/13 legia warszawa
96%
13/14 legia warszawa
96%
15/16 legia warszawa
96%
16/17 legia warszawa
96%
17/18 legia warszawa
96%
19/20 legia warszawa
96%
20/21 legia warszawa
96%
23/24 jagiellonia białystok
92%
22/23 raków częstochowa
92%
1927 wisła kraków
92%
1928 wisła kraków
92%
1949 wisła kraków
92%
1950 wisła kraków
92%
77/78 wisła kraków
92%
98/99 wisła kraków
92%
00/01 wisła kraków
92%
02/03 wisła kraków
92%
03/04 wisła kraków
92%
04/05 wisła kraków
92%
07/08 wisła kraków
92%
1930 cracovia
90%
1932 cracovia
90%
1937 cracovia
90%
1948 cracovia
90%
1957 górnik zabrze
90%
1959 górnik zabrze
90%
1961 górnik zabrze
90%
62/63 górnik zabrze
90%
63/64 górnik zabrze
90%
64/65 górnik zabrze
90%
65/66 górnik zabrze
90%
66/67 górnik zabrze
90%
71/72 górnik zabrze
90%
84/85 górnik zabrze
90%
85/86 górnik zabrze
90%
86/87 górnik zabrze
90%
87/88 górnik zabrze
90%
1933 ruch chorzów
88%
1934 ruch chorzów
88%
1935 ruch chorzów
88%
1936 ruch chorzów
88%
1938 ruch chorzów
88%
1951 ruch chorzów
88%
1952 ruch chorzów
88%
1953 ruch chorzów
88%
1960 ruch chorzów
88%
67/68 ruch chorzów
88%
73/74 ruch chorzów
88%
74/75 ruch chorzów
88%
78/79 ruch chorzów
88%
88/89 ruch chorzów
88%
76/77 śląsk wrocław
88%
11/12 śląsk wrocław
88%
1946 polonia warszawa
86%
99/00 polonia warszawa
86%
80/81 widzew łódź
86%
81/82 widzew łódź
86%
95/96 widzew łódź
86%
96/97 widzew łódź
86%
1958 łks łódź
84%
97/98 łks łódź
84%
18/19 piast gliwice
84%
90/91 zagłębie lubin
80%
06/07 zagłębie lubin
80%
1954 polonia bytom
68%
1962 polonia bytom
68%
72/73 stal mielec
68%
75/76 stal mielec
68%
1929 warta poznań
66%
1947 warta poznań
66%
79/80 szombierki bytom
56%
1931 garbarnia kraków
44%
Nie znaleziono quizów pasujących do podanych kryteriów
Rozkład punktacji
Procent ludzi z każdym wynikiem
Percentyl według liczby udzielonych odpowiedzi
Twoja historia wyników
Nie rozwiązałeś tego quizu od ostatniego zresetowania